000 01002cam a2200313 4500
001 122609
005 20230410130357.0
008 070706s2007 ua a 000 0 eng d
020 _a9774161084 (pbk.)
020 _a9789774161087 (pbk.)
035 _a(CaOOAMICUS)000034997476
040 _aCaOOU
_beng
_cYDXCP
_dBTCTA
_dCaBVA
041 0 _aara
_aeng
043 _ama-----
050 1 4 _aP 96
_bE41m 2007
082 0 0 _a070.0962
100 1 _aElgibali, Alaa.
245 1 0 _aMedia Arabic :
_ba coursebook for reading Arabic news /
_cAlaa Elgibali, Nevenka Korica.
246 1 1 _aLughat wasail al-ilam al-Arabiyah
260 _aCairo ;
_aNew York :
_bAmerican University in Cairo Press,
_cc2007.
300 _aviii, 221 p. :
_bill. ;
_c23 cm.
546 _aArabic and English.
650 0 _aMass media and language
_zArab countries.
650 0 _aJournalism
_zArab countries
_xAuthorship.
650 0 _aArabic language
_xStyle.
700 1 _aKorica, Nevenka.
942 _2lcc
_cbk
946 _aJaaM
999 _c73703
_d73703